Mối quan hệ giữa người kể chuyện và cốt truyện trong tiểu thuyết Nam Bộ đầu thế kỷ XX /

محفوظ في:
التفاصيل البيبلوغرافية
المؤلف الرئيسي: Phan Mạnh Hùng.
التنسيق: مقال
اللغة:Vietnamese
الموضوعات:
الوسوم: إضافة وسم
لا توجد وسوم, كن أول من يضع وسما على هذه التسجيلة!
Thư viện lưu trữ: Thư viện Trường Đại học Đà Lạt
LEADER 00873nam a2200277 4500
001 DLU140165929
005 ##201412 04
040 # # |a DLU  |b vie 
041 # # |a vie 
044 # # |a vn 
100 # # |a Phan Mạnh Hùng. 
245 # # |a Mối quan hệ giữa người kể chuyện và cốt truyện trong tiểu thuyết Nam Bộ đầu thế kỷ XX /  |c Phan Mạnh Hùng 
653 # # |a Mối 
653 # # |a Quan hệ 
653 # # |a Thế kỷ XX 
653 # # |a Tiểu thuyết Nam Bộ 
773 # # |t Tạp chí Khoa học xã hội Thành phố Hồ Chí Minh  |g Số 3(187), 2014, tr. 19-29 
920 # # |a Phòng Tạp chí -- Trung tâm Thông tin - Thư viện Trường Đại học Đà Lạt 
994 # # |a DLU 
900 # # |a True 
911 # # |a Nguyễn Thị Tưởng 
925 # # |a G 
926 # # |a A 
927 # # |a BB 
980 # # |a Thư viện Trường Đại học Đà Lạt